Mathematical modeling with computers
Guardat en:
| Autors principals: | , |
|---|---|
| Format: | Llibre |
| Idioma: | anglès |
| Publicat: |
Englewood Cliffs
Prentice-Hall
1980
|
| Matèries: | |
| Etiquetes: |
Afegir etiqueta
Sense etiquetes, Sigues el primer a etiquetar aquest registre!
|
MARC
| LEADER | 00000nam a2200000 a 4500 | ||
|---|---|---|---|
| 001 | UCQ8599 | ||
| 003 | CL-VaPUC | ||
| 008 | 981210e19800000us |||||||||||||||||eng|d | ||
| 082 | 0 | 4 | |a 511.8 |b JAC |2 21 |
| 100 | 0 | |a Jacoby, Samuel L |e author |9 422648 | |
| 700 | 0 | |a Kowalik, Janusz S |e author |9 422649 | |
| 245 | 1 | 0 | |a Mathematical modeling with computers |
| 300 | |a 292 p | ||
| 942 | |c BK | ||
| 945 | |d 19981210 00:00:00 |a cmena | ||
| 260 | |a Englewood Cliffs |b Prentice-Hall |c 1980 | ||
| 650 | 0 | |a Matemática aplicada |9 260236 | |
| 650 | 0 | |a Modelos matemáticos |9 259437 | |
| 650 | 0 | |a Computadores |9 258188 | |
| 650 | 0 | |a Aplicaciones de computadores |9 260401 | |
| 650 | 0 | |a Simulación por computador |9 260988 | |
| 650 | 0 | |a Programación de computadores |9 259531 | |
| 583 | |a last modification |c 20150429 04:12:53 |k Rodrigo Vera | ||
| 999 | |c 277816 |d 277814 | ||
| 952 | |0 0 |1 0 |4 0 |6 511_800000000000000_JAC_1980 |7 0 |8 A |9 316029 |a BIBMAT |b BIBMAT |d 2019-11-20 |i 130738K |o 511.8 JAC 1980 |p 130738K |r 2025-01-07 |w 2019-11-20 |y BK |k MAT | ||